Сочинения Г.П. Данилевского. Т. 12 (Запись № 10737988)
[ простой вид ]
| 000 -МАРКЕР | |
|---|---|
| контрольное поле | 01791nam2a22003011 4500 |
| 001 - ИДЕНТИФИКАТОР ЗАПИСИ | |
| контрольное поле | RU\NLR\19V\602250 |
| 005 - ИДЕНТИФИКАТОР ВЕРСИИ | |
| контрольное поле | 20250614041529.0 |
| 035 ## - ДРУГИЕ СИСТЕМНЫЕ НОМЕРА | |
| Идентификатор записи | (NLR Aleph) 010349008 |
| 100 ## - ДАННЫЕ ОБЩЕЙ ОБРАБОТКИ | |
| Данные общей обработки | 20070823d1902 |||y0rusy50 ca |
| 101 0# - ЯЗЫК РЕСУРСА | |
| Язык текста, звукозаписи и т.д. | русский |
| 102 ## - СТРАНА ПУБЛИКАЦИИ ИЛИ ПРОИЗВОДСТВА | |
| Страна публикации | Российская Федерация |
| 105 ## - ПОЛЕ КОДИРОВАННЫХ ДАННЫХ: ТЕКСТОВЫЕ МАТЕРИАЛЫ, МОНОГРАФИЧЕСКИЕ | |
| Кодированные данные о монографическом текстовом документе | y z| |||a| |
| 200 0# - ЗАГЛАВИЕ И СВЕДЕНИЯ ОБ ОТВЕТСТВЕННОСТИ | |
| Основное заглавие | Т. 12 |
| 210 ## - ПУБЛИКАЦИЯ, РАСПРОСТРАНЕНИЕ И ДР. | |
| Дата издания, распространения и т.д. | 1902 |
| Место издания, распространения и т.д. | Б. м. |
| 215 ## - ФИЗИЧЕСКАЯ ХАРАКТЕРИСТИКА | |
| Специфическое обозначение материала и объем | 204 с. |
| Размеры | 19 |
| 327 1# - ПРИМЕЧАНИЯ О СОДЕРЖАНИИ | |
| Текст примечания | Содерж.: Потемкин на Дунае : (1790-й год) : Историч. роман; Уманская резня : (Последние запорожцы) : (1768-1775 г.) : Историч. повесть |
| 461 #0 - УРОВЕНЬ НАБОРА | |
| Встроенное поле | 001v19\rc\1741534 |
| -- | 2001#$aСочинения Г.П. Данилевского$eв 24 т., с портр. автора [факс. и биогр. очерком]$vТ. 12 |
| Системный номер (АБИС) связанной записи | 5776555 |
| Автор | Данилевский, Г. П. (1829-1890) |
| Место публикации | Санкт-Петербург |
| Дата публикации | 1902 |
| Издание | 9-е изд. |
| Имя издателя, распространителя и т.д. | А.Ф. Маркс |
| Сведения, относящиеся к заглавию | в 24 т., с портр. автора [факс. и биогр. очерком] |
| Физическая характеристика | 22 т. |
| Заглавие | Сочинения Г.П. Данилевского |
| Номер тома | Т. 12 |
| 464 #0 - АНАЛИТИЧЕСКИЙ УРОВЕНЬ | |
| Встроенное поле | 2001#$aПотемкин на Дунае$e(1790-й год)$eИсторический роман |
| -- | 702#1$3RU\NLR\AUTH\777932$7ca$aПотемкин$bГ. А.$f1739-1791$gГригорий Александрович$4570 |
| Заглавие | Потемкин на Дунае |
| 464 #0 - АНАЛИТИЧЕСКИЙ УРОВЕНЬ | |
| Встроенное поле | 2001#$aУманская резня$e(Последние запорожцы)$e(1768-1775 г.)$eИсторическая повесть |
| -- | 5170#$aПоследние запорожцы |
| Заглавие | Уманская резня |
| 801 ## - ИСТОЧНИК ЗАПИСИ | |
| Страна | Российская Федерация |
| Организация | NLR |
| Дата составления | 20070823 |
| Правила каталогизации | psbo |
| 801 #1 - ИСТОЧНИК ЗАПИСИ | |
| Страна | Российская Федерация |
| Организация | NLR |
| Дата составления | 20070823 |
| Источник данных | rusmarc |
| 852 ## - МЕСТОНАХОЖДЕНИЕ И ШИФР ХРАНЕНИЯ | |
| Идентификатор организации | NLR |
| Шифр хранения (Call Number) | 34.9.4.20 (6) |
| 899 ## - ДАННЫЕ О МЕСТОНАХОЖДЕНИИ (устаревшее) | |
| Местонахождение | RuMoRGB |
| Шифр хранения | F 103/88 |
| 899 ## - ДАННЫЕ О МЕСТОНАХОЖДЕНИИ (устаревшее) | |
| Местонахождение | RuMoRGB |
| Шифр хранения | Рб 10/377 |
| 942 ## - ДОПОЛНИТЕЛЬНЫЕ ЭЛЕМЕНТЫ ЗАПИСИ (АБИС) | |
| Тип экземпляра АБИС | Книга |
| 980 ## - КОЛЛЕКЦИЯ | |
| Название коллекции | Национальная библиография |
Нет доступных экземпляров.